| 000 | 00514 a2200145 4500 | ||
|---|---|---|---|
| 001 | 125827 | ||
| 040 | _cEscola Canadense de Niteroi | ||
| 090 | _aFON-R2 | ||
| 245 | 1 | 0 | _aA Roupa nova do imperador |
| 300 |
_a16 p. _bil. _c1 x 21 x 0.1 cm |
||
| 520 | _aEsta história faz parte do Projeto Primavera 4 a 5 anos, com textos adaptados para os que começam a ler. No final do livro, narra-se o argumento da história | ||
| 650 | 4 | _aLivros de Inicialização à Leitura | |
| 650 | 4 | _aLiteratura Infantil | |
| 942 | _cBK | ||
| 999 |
_c125827 _d125827 |
||